Biología polimodal /
Guardado en:
| Autor Principal: | |
|---|---|
| Formato: | Libro |
| Publicado: |
Buenos Aires :
Stella
|
| Materias: | |
| Etiquetas: |
Agregar Etiqueta
Sin Etiquetas, Sea el primero en etiquetar este registro!
|
| LEADER | 00626nam a22001935a 4500 | ||
|---|---|---|---|
| 001 | CEM.cems011317 | ||
| 005 | 20071022150648.0 | ||
| 008 | 130507b######################000#0#####d | ||
| 003 | CEMS | ||
| 020 | |a 9505253664 | ||
| 082 | 0 | 4 | |a 574 |
| 100 | 1 | |a Amestoy, Elena Marcela | |
| 245 | 1 | 0 | |a Biología polimodal / |c Elena Marcela Amestoy |
| 260 | |a Buenos Aires : |b Stella | ||
| 300 | |a 287 p. | ||
| 505 | 0 | |a Funciones de nutrición -- Funciones de relación -- Funciones de reproducción -- El organismo humano y la salud | |
| 653 | |a Biología | ||
| 653 | |a Biología-polimodal | ||
| 859 | |a CEMS |b BIB. CEMS - 11 de abril |h 574 |i Am36 |p 22236.03 |t Ej.1 | ||
